000 01178nam a22003257a 4500
003 CHAP
005 20220329134049.0
008 971013c19741965 r 00010 d
010 _a14844
011 _a15816
035 _a19893
040 _cCHAP
082 _a631.45
_bB45eY
100 0 0 _aBennett, Hugh Hammond.
_911613
245 _aElementos de conservación del suelo
260 _aMéxico, D. F. :
_bFondo de Cultura Económica,
_c1974 (c.1965)
300 _a427 p.
_b: ilus. mapas
590 _aBATCH-UPD
_b10
_c20130110
_lUCH01
_h2005
590 _aBATCH-UPD
_b10
_c20130410
_lUCH01
_h1325
590 _aBATCH-UPD
_b10
_c20130914
_lUCH01
_h1315
590 _aCONVERSION
_b10
_c20130109
_lUCH01
_h1309
650 1 4 _aErosión
_xPrevención y control.
_937337
650 1 4 _aSuelos
_xConservación.
_9110283
901 _aBK
942 _cLIBRO
949 _a631.45 B45eY
_bBC
_cLIBRO
_d33724000072575
_eLIBRO
_fc.2
_h39505
_i19893
_si
949 _a631.45 B45eY
_bBC
_cLIBRO
_d33724000628269
_eLIBRO
_fc.3
_h40332
_i19893
_si
949 _a631.45 B45eY
_bBC
_cLIBRO
_d33724000826939
_eLIBRO
_h34469
_i19893
_si
949 _a631.45 B45eY
_bBC
_cLIBRO
_d33724000919387
_eLIBRO
_fc.4
_h45783
_i19893
_si
999 _c14844
_d14844